KOHA-Header-6

Handbook of research methods in experimental psychology / (Record no. 12574)

000 -LEADER
fixed length control field 02063cam a22003014a 4500
001 - CONTROL NUMBER
control field 13069148
003 - CONTROL NUMBER IDENTIFIER
control field MAJU-Karachi
005 - DATE AND TIME OF LATEST TRANSACTION
control field 20201003120409.0
008 - FIXED-LENGTH DATA ELEMENTS--GENERAL INFORMATION
fixed length control field 030127s2003 maua b 001 0 eng
010 ## - LIBRARY OF CONGRESS CONTROL NUMBER
LC control number 2003001710
020 ## - INTERNATIONAL STANDARD BOOK NUMBER
International Standard Book Number 0631226494 (hardcover : alk. paper)
040 ## - CATALOGING SOURCE
Original cataloging agency DLC
Transcribing agency DLC
Modifying agency DLC
042 ## - AUTHENTICATION CODE
Authentication code pcc
050 00 - LIBRARY OF CONGRESS CALL NUMBER
Classification number BF76.5
Item number .H35 2003
082 00 - DEWEY DECIMAL CLASSIFICATION NUMBER
Classification number 150/.7/24
Edition number 21
245 00 - TITLE STATEMENT
Title Handbook of research methods in experimental psychology /
Statement of responsibility, etc edited by Stephen F. Davis.
260 ## - PUBLICATION, DISTRIBUTION, ETC. (IMPRINT)
Place of publication, distribution, etc Malden, MA :
Name of publisher, distributor, etc Blackwell Pub., 2003.
300 ## - PHYSICAL DESCRIPTION
Extent viii, 507 p. :
Other physical details ill. ;
Dimensions 26 cm.
440 #0 - SERIES STATEMENT/ADDED ENTRY--TITLE
Title Blackwell handbooks of research methods in psychology
504 ## - BIBLIOGRAPHY, ETC. NOTE
Bibliography, etc Includes bibliographical references and index.
505 0# - FORMATTED CONTENTS NOTE
Formatted contents note Psychology's experimental foundations / C. James Goodwin -- Current and future trends in experimental psychology / E.J. Capaldi and Robert W. Proctor -- Traditional nomothetic approaches / Richard J. Harris -- Traditional idiographic approaches / Bryan Saville and William Buskist -- The importance of effect magnitude / Roger E. Kirk -- The changing face of research methods / Randolph A. Smith -- Ethical issues in psychological research with human participants / Richard L. Miller -- Research with animals / Jesse E. Purdy, Scott A. Bailey, Stephen Schapiro -- Cross-cultural research / David Matsumoto -- Comparative psychology / Mauricio R. Papini -- Animal learning and animal cognition / Lewis Barker and Jeffrey S. Katz -- Sensation and perception research methods / Lauren Fruh VanSickle Scharff, Stephen F. Austin -- Taste / Scott A. Bailey -- Olfaction / W. Robert Batsell, Jr, -- Psychological psychology / Brenda J. Anderson ... [et al.].
650 #0 - SUBJECT ADDED ENTRY--TOPICAL TERM
Topical term or geographic name as entry element Psychology
General subdivision Research
-- Methodology.
650 #0 - SUBJECT ADDED ENTRY--TOPICAL TERM
Topical term or geographic name as entry element Psychology, Experimental
General subdivision Research
-- Methodology.
700 1# - ADDED ENTRY--PERSONAL NAME
Personal name Davis, Stephen F.
906 ## - LOCAL DATA ELEMENT F, LDF (RLIN)
a 7
b cbc
c orignew
d 1
e ecip
f 20
g y-gencatlg
942 ## - ADDED ENTRY ELEMENTS (KOHA)
Source of classification or shelving scheme
Koha item type Psychology
Holdings
Withdrawn status Lost status Source of classification or shelving scheme Damaged status Not for loan Collection code Permanent Location Current Location Shelving location Date acquired Total Checkouts Full call number Barcode Date last seen Date checked out Price effective from Koha item type
          Psychology MAJU MAJU Shelf No.B35 2020-10-03 5 150/.7/24 9716 2025-04-21 2025-04-21 2020-10-03 Psychology

Powered by Koha